| 000 | 00359nam a2200145Ia 4500 | ||
|---|---|---|---|
| 100 | _aAnwani/ M.L. | ||
| 650 | _aElectrical Engineering | ||
| 942 | _cBK | ||
| 654 | _aElectrical Motar Winding & repair | ||
| 245 | _aElectrical Motar Winding & Repair | ||
| 260 |
_bR.B. Publication _aNew Delhi _c1992 |
||
| 300 | _a430 | ||
| 546 | _aHINDI | ||
| 999 |
_c33027 _d33027 |
||